[Event "BL2-Sued 1314"]
[Site "Germany"]
[Date "2014.03.16"]
[Round "8.2"]
[White "Aguettaz, Maxime"]
[Black "Vatter, Hans Joachim"]
[Result "1/2-1/2"]
[WhiteElo "2401"]
[BlackElo "2275"]
[PlyCount "30"]
[EventDate "2013.10.13"]
[EventType "team-tourn"]
[EventRounds "9"]
[EventCountry "GER"]
[SourceTitle "EXT 2015"]
[Source "ChessBase"]
[SourceDate "2014.11.20"]
[SourceVersion "1"]
[SourceVersionDate "2014.11.20"]
[SourceQuality "1"]
[WhiteTeam "Schwaebisch Hall"]
[BlackTeam "Untergrombach"]
[WhiteTeamCountry "GER"]
[BlackTeamCountry "GER"]

1. Nf3 d5 2. d4 Nf6 3. c4 e6 4. Nc3 dxc4 5. e4 Bb4 6. Bg5 c5 7. e5 h6 8. exf6 hxg5 9. fxg7 Rg8 10. dxc5 Qxd1+ 11. Rxd1 Rxg7 12. Bxc4 Nd7 13. h4 g4 14. Nd4 Nxc5 15. Ndb5 Ke7 1/2-1/2

[Event "Reutlingen op 18th"]
[Site "Reutlingen"]
[Date "2013.05.18"]
[Round "3"]
[White "Dittus, Reiner"]
[Black "Aguettaz, Maxime"]
[Result "0-1"]
[WhiteElo "1731"]
[BlackElo "2402"]
[PlyCount "86"]
[EventDate "2013.05.17"]
[EventType "swiss"]
[EventRounds "7"]
[EventCountry "GER"]
[SourceTitle "CBM 154 Extra"]
[Source "ChessBase"]
[SourceDate "2013.06.25"]
[SourceVersion "2"]
[SourceVersionDate "2013.06.25"]
[SourceQuality "1"]

1. e4 c5 2. c3 d6 3. d4 Nf6 4. Bd3 Nc6 5. Ne2 g6 6. 0-0 Bg7 7. h3 0-0 8. Nd2 b6 9. f4 cxd4 10. cxd4 e6 11. Nf3 Bb7 12. Nc3 Rc8 13. Be3 Na5 14. Qe1 Nc4 15. Bc1 Na5 16. Be3 Qc7 17. Rd1 Rfd8 18. Qh4 Qe7 19. g4 Rf8 20. Qg3 Rxc3 21. bxc3 Nxe4 22. Bxe4 Bxe4 23. Ng5 Ba8 24. Rde1 Rc8 25. Bd2 Nc4 26. Bc1 h6 27. Nf3 Kh7 28. h4 b5 29. Qh3 Nb6 30. f5 Rxc3 31. fxg6+ fxg6 32. Re3 Rxe3 33. Bxe3 Nd5 34. Bd2 e5 35. dxe5 dxe5 36. g5 h5 37. Qc8 Bb7 38. Qc1 Qe6 39. Nh2 Qb6+ 40. Rf2 e4 41. Nf1 Bd4 42. Be3 Nxe3 43. Kh1 Nf5 0-1

[Event "Nancy Meurthe op 11th"]
[Site "Nancy"]
[Date "2013.03.09"]
[Round "3"]
[White "Aguettaz, Maxime"]
[Black "Naiditsch, Arkadij"]
[Result "0-1"]
[WhiteElo "2412"]
[BlackElo "2706"]
[PlyCount "66"]
[EventDate "2013.03.09"]
[EventType "swiss (rapid)"]
[EventRounds "9"]
[EventCountry "FRA"]
[SourceTitle "CBM 153 Extra"]
[Source "ChessBase"]
[SourceDate "2013.04.22"]
[SourceVersion "1"]
[SourceVersionDate "2013.04.22"]
[SourceQuality "1"]

1. Nf3 d5 2. d4 Nf6 3. c4 e6 4. Nc3 c5 5. cxd5 Nxd5 6. e4 Nxc3 7. bxc3 cxd4 8. cxd4 Bb4+ 9. Bd2 Bxd2+ 10. Qxd2 0-0 11. Bc4 Nd7 12. 0-0 b6 13. Rfd1 Bb7 14. d5 Nc5 15. e5 Rc8 16. dxe6 Nxe6 17. Bxe6 fxe6 18. Qxd8 Rfxd8 19. Nd4 Bd5 20. a4 a6 21. Rab1 Ba2 22. Ra1 Bc4 23. f4 b5 24. axb5 axb5 25. Kf2 b4 26. Rab1 b3 27. Ke3 Rb8 28. g4 Rdc8 29. Rb2 Bd5 30. Rd3 Rc1 31. Nxb3 Rc4 32. f5 Rcb4 33. fxe6 Rxb3 0-1

[Event "Marianske Lazne op 12th"]
[Site "Marianske Lazne"]
[Date "2013.01.20"]
[Round "2"]
[White "Aguettaz, Maxime"]
[Black "Gevorgyan, Maria"]
[Result "0-1"]
[WhiteElo "2417"]
[BlackElo "2092"]
[PlyCount "102"]
[EventDate "2013.01.19"]
[EventType "swiss"]
[EventRounds "9"]
[EventCountry "CZE"]
[SourceTitle "CBM 152 Extra"]
[Source "ChessBase"]
[SourceDate "2013.02.25"]
[SourceVersion "1"]
[SourceVersionDate "2013.02.25"]
[SourceQuality "1"]

1. Nf3 c5 2. b3 Nc6 3. Bb2 Nf6 4. c4 d6 5. g3 e5 6. Bg2 g6 7. d3 Bg7 8. Nc3 0-0 9. 0-0 h6 10. e3 g5 11. h3 g4 12. hxg4 Bxg4 13. Qd2 Re8 14. Nh4 Rc8 15. Rae1 a6 16. e4 Qa5 17. Nf5 Bxf5 18. exf5 Rc7 19. Qd1 Nd4 20. Nd5 Nxd5 21. Bxd5 Nxf5 22. Qh5 Nd4 23. Re4 Ne6 24. Bc1 Kf8 25. Bxh6 Bxh6 26. Qxh6+ Ke7 27. Rg4 Kd7 28. Qf6 Kc8 29. Bxe6+ fxe6 30. Rg8 Rxg8 31. Qxe6+ Rd7 32. Qxg8+ Kc7 33. Kg2 Qxa2 34. Rh1 Qxb3 35. Rh8 Kc6 36. Qe6 Kc7 37. Qe8 Qa4 38. Qc8+ Kb6 39. Rd8 Qc6+ 40. Qxc6+ Kxc6 41. Ra8 Kc7 42. Rh8 b5 43. cxb5 axb5 44. f4 exf4 45. gxf4 Kc6 46. Kf3 Kd5 47. Ke3 Re7+ 48. Kd2 Kd4 49. f5 Rf7 50. Rb8 Rxf5 51. Rxb5 Rf3 0-1

[Event "Pardubice Czech op-A 23rd"]
[Site "Pardubice"]
[Date "2012.07.26"]
[Round "7"]
[White "Votava, Jan"]
[Black "Aguettaz, Maxime"]
[Result "1-0"]
[WhiteElo "2520"]
[BlackElo "2420"]
[PlyCount "59"]
[EventDate "2012.07.12"]
[EventType "swiss"]
[EventRounds "9"]
[EventCountry "CZE"]
[SourceTitle "CBM 149 Extra"]
[Source "ChessBase"]
[SourceDate "2012.08.24"]
[SourceVersion "1"]
[SourceVersionDate "2012.08.24"]
[SourceQuality "1"]

1. d4 Nf6 2. Nf3 g6 3. c4 Bg7 4. Nc3 0-0 5. g3 d6 6. Bg2 Nc6 7. 0-0 Rb8 8. Bf4 a6 9. Rc1 b5 10. Nd5 Bb7 11. Qd2 Ne4 12. Qe3 e6 13. cxb5 axb5 14. Nxc7 Qxc7 15. Qxe4 Qb6 16. Qd3 Nxd4 17. Nxd4 Bxd4 18. Rc2 Bxg2 19. Kxg2 Rbc8 20. Rfc1 Rxc2 21. Rxc2 Bxf2 22. e3 Be1 23. Bh6 Rb8 24. Qf1 Qb7+ 25. Kg1 Qe4 26. Rc7 Qf5 27. Qxe1 Qh5 28. Qf1 f5 29. Bg7 Qg5 30. Bd4 1-0

[Event "Pardubice Czech op-A 23rd"]
[Site "Pardubice"]
[Date "2012.07.21"]
[Round "2"]
[White "Aguettaz, Maxime"]
[Black "Jeitz, Christian"]
[Result "1/2-1/2"]
[WhiteElo "2420"]
[BlackElo "2212"]
[PlyCount "98"]
[EventDate "2012.07.12"]
[EventType "swiss"]
[EventRounds "9"]
[EventCountry "CZE"]
[SourceTitle "CBM 149 Extra"]
[Source "ChessBase"]
[SourceDate "2012.08.24"]
[SourceVersion "1"]
[SourceVersionDate "2012.08.24"]
[SourceQuality "1"]

1. e4 c5 2. Nf3 Nc6 3. d4 cxd4 4. Nxd4 e6 5. Nc3 a6 6. Nxc6 bxc6 7. Bd3 d5 8. 0-0 Nf6 9. Re1 Be7 10. e5 Nd7 11. Qg4 g6 12. Bh6 Rb8 13. b3 Bb4 14. Na4 Bxe1 15. Rxe1 Qa5 16. Qe2 Ra8 17. h4 Qc7 18. Qe3 a5 19. Bg7 Rg8 20. Qh6 Nf8 21. Bxf8 Rxf8 22. Qxh7 Qe7 23. Qh6 Ba6 24. g3 Bb5 25. Nb2 Bxd3 26. Nxd3 c5 27. Qe3 Rc8 28. c4 d4 29. Qd2 Qa7 30. f4 f5 31. exf6 Rxf6 32. Ne5 Qb6 33. Qd3 a4 34. h5 axb3 35. axb3 Qa5 36. Rd1 Rc7 37. hxg6 Qa2 38. Qf3 Kf8 39. Rf1 Qc2 40. Qh5 Kg8 41. Ra1 Qe4 42. Ng4 Rxg6 43. Ra8+ Qxa8 44. Qxg6+ Rg7 45. Qxe6+ Kh8 46. Qb6 Rh7 47. Qf6+ Rg7 48. Qh6+ Rh7 49. Qf6+ Rg7 1/2-1/2

[Event "Pardubice Czech op 22nd"]
[Site "Pardubice"]
[Date "2011.07.28"]
[Round "7"]
[White "Boruchovsky, Avital"]
[Black "Aguettaz, Maxime"]
[Result "1/2-1/2"]
[WhiteElo "2297"]
[BlackElo "2426"]
[PlyCount "55"]
[EventDate "2011.07.22"]
[EventType "swiss"]
[EventRounds "9"]
[EventCountry "CZE"]
[SourceTitle "CBM 143 Extra"]
[Source "ChessBase"]
[SourceDate "2011.08.29"]
[SourceVersion "1"]
[SourceVersionDate "2011.08.29"]
[SourceQuality "1"]

1. e4 c5 2. c3 Nf6 3. e5 Nd5 4. d4 cxd4 5. cxd4 d6 6. Nf3 e6 7. Bc4 Nb6 8. Bd3 Nc6 9. 0-0 Nb4 10. Bg5 Be7 11. Bxe7 Qxe7 12. Nc3 Nxd3 13. Qxd3 dxe5 14. dxe5 0-0 15. Qe4 Rb8 16. Rfd1 Bd7 17. Nd4 Rfc8 18. Rd3 Rc5 19. Rad1 Na4 20. Nxa4 Bxa4 21. b3 Be8 22. f4 g6 23. a4 Rd5 24. Qe3 Rbd8 25. f5 Qc7 26. fxg6 Qxe5 27. gxf7+ Bxf7 28. Qf2 1/2-1/2

[Event "Pardubice Czech op 22nd"]
[Site "Pardubice"]
[Date "2011.07.25"]
[Round "4"]
[White "Aguettaz, Maxime"]
[Black "Kulagin, Maxim"]
[Result "1-0"]
[WhiteElo "2426"]
[BlackElo "2263"]
[PlyCount "113"]
[EventDate "2011.07.22"]
[EventType "swiss"]
[EventRounds "9"]
[EventCountry "CZE"]
[SourceTitle "CBM 143 Extra"]
[Source "ChessBase"]
[SourceDate "2011.08.29"]
[SourceVersion "1"]
[SourceVersionDate "2011.08.29"]
[SourceQuality "1"]

1. Nf3 Nf6 2. c4 e6 3. g3 b6 4. Bg2 Bb7 5. 0-0 Be7 6. d4 0-0 7. Nc3 d6 8. d5 e5 9. Ne1 Nfd7 10. e4 a5 11. Rb1 Nc5 12. b3 Bg5 13. f4 exf4 14. gxf4 Bf6 15. Bb2 Re8 16. Qc2 Nba6 17. a3 Qd7 18. Nb5 Bxb2 19. Rxb2 Qg4 20. Kh1 Qg6 21. Nc3 Re7 22. b4 axb4 23. axb4 Nd7 24. Nf3 Nf6 25. Nh4 Qh5 26. Nf5 Ree8 27. Bf3 Qh3 28. Bg2 Qh5 29. Bf3 Qh3 30. Qg2 Qxg2+ 31. Kxg2 g6 32. Nd4 Nd7 33. Ra1 Kh8 34. h4 h6 35. Nc6 f5 36. Rba2 fxe4 37. Bxe4 Kg7 38. Kf3 Kf7 39. Nb5 Rg8 40. Nbd4 Nf6 41. Bd3 Rge8 42. Rg2 Rg8 43. Re1 Bxc6 44. Nxc6 Nb8 45. Re7+ Kf8 46. Rxc7 Ra3 47. Ke3 Nbd7 48. Kd4 Nh5 49. Rxd7 Rxd3+ 50. Kxd3 Nxf4+ 51. Ke4 Nxg2 52. Rxd6 Nxh4 53. Rd8+ Kg7 54. Rxg8+ Kxg8 55. d6 Nf5 56. d7 Nd6+ 57. Kd5 1-0

[Event "Pardubice Czech op 22nd"]
[Site "Pardubice"]
[Date "2011.07.24"]
[Round "3"]
[White "Haba, Petr"]
[Black "Aguettaz, Maxime"]
[Result "1-0"]
[WhiteElo "2504"]
[BlackElo "2426"]
[PlyCount "51"]
[EventDate "2011.07.22"]
[EventType "swiss"]
[EventRounds "9"]
[EventCountry "CZE"]
[SourceTitle "CBM 143 Extra"]
[Source "ChessBase"]
[SourceDate "2011.08.29"]
[SourceVersion "1"]
[SourceVersionDate "2011.08.29"]
[SourceQuality "1"]

1. d4 Nf6 2. c4 d6 3. Nc3 Bf5 4. f3 e5 5. e4 exd4 6. Qxd4 Nc6 7. Qd2 Be6 8. b3 g6 9. Bb2 Bg7 10. Bd3 Nd7 11. Nge2 Qh4+ 12. g3 Qh5 13. f4 Nc5 14. 0-0-0 0-0 15. Bb1 Rfe8 16. f5 Na5 17. Bc2 Bxc4 18. Nf4 Qf3 19. f6 Bxf6 20. Ncd5 Bxb2+ 21. Kxb2 Bxd5 22. Nxd5 c6 23. Rhf1 Qxf1 24. Rxf1 cxd5 25. Qxa5 dxe4 26. Qc7 1-0

[Event "FRA-chT Top 12"]
[Site "Mulhouse"]
[Date "2011.06.04"]
[Round "10.5"]
[White "San Emeterio Cabanes, Jose Luis"]
[Black "Aguettaz, Maxime"]
[Result "0-1"]
[WhiteElo "2398"]
[BlackElo "2417"]
[PlyCount "80"]
[EventDate "2011.05.26"]
[EventType "team-tourn"]
[EventRounds "11"]
[EventCountry "FRA"]
[SourceTitle "CBM 142 Extra"]
[Source "ChessBase"]
[SourceDate "2011.06.27"]
[SourceVersion "1"]
[SourceVersionDate "2011.06.27"]
[SourceQuality "1"]
[WhiteTeam "Lutece"]
[BlackTeam "Noyon"]
[WhiteTeamCountry "FRA"]
[BlackTeamCountry "FRA"]

1. d4 Nf6 2. Bg5 c5 3. Nc3 Qb6 4. d5 d6 5. e4 Nbd7 6. Bd2 g6 7. f4 Bg7 8. Nf3 0-0 9. Bc4 Qc7 10. 0-0 Nb6 11. Be2 e6 12. dxe6 Bxe6 13. f5 gxf5 14. exf5 Bxf5 15. Nh4 Bg6 16. Nf5 Bxf5 17. Rxf5 Rae8 18. Qf1 Ne4 19. Nxe4 Rxe4 20. Bd3 Re6 21. Rh5 Rg6 22. c3 c4 23. Bc2 Nd7 24. Qe2 Qb6+ 25. Qe3 Qxb2 26. Rc1 Ne5 27. Bxg6 hxg6 28. Rh4 Qxa2 29. Rf1 a5 30. Rd4 Qa3 31. Qh3 Qc5 32. Be3 b5 33. Rh4 Qc8 34. g4 b4 35. Bg5 Qc5+ 36. Be3 Qc8 37. Bg5 Qe6 38. cxb4 axb4 39. Qe3 Nd3 40. Qf3 Re8 0-1

[Event "FRA-chT Top 12"]
[Site "Mulhouse"]
[Date "2011.06.02"]
[Round "8.6"]
[White "Bailet, Pierre"]
[Black "Aguettaz, Maxime"]
[Result "1/2-1/2"]
[WhiteElo "2429"]
[BlackElo "2417"]
[PlyCount "107"]
[EventDate "2011.05.26"]
[EventType "team-tourn"]
[EventRounds "11"]
[EventCountry "FRA"]
[SourceTitle "CBM 142 Extra"]
[Source "ChessBase"]
[SourceDate "2011.06.27"]
[SourceVersion "1"]
[SourceVersionDate "2011.06.27"]
[SourceQuality "1"]
[WhiteTeam "Guingamp"]
[BlackTeam "Noyon"]
[WhiteTeamCountry "FRA"]
[BlackTeamCountry "FRA"]

1. e4 c5 2. Nf3 e6 3. d4 cxd4 4. Nxd4 Nf6 5. Nc3 Nc6 6. Ndb5 d6 7. Bf4 e5 8. Bg5 a6 9. Na3 b5 10. Nd5 Be7 11. Bxf6 Bxf6 12. c4 Nd4 13. cxb5 Be6 14. Bc4 Qa5+ 15. Qd2 axb5 16. Bxb5+ Kd8 17. Nc3 Ke7 18. 0-0 Rhc8 19. Bd3 h6 20. Nc2 Bg5 21. Qd1 Rab8 22. Nxd4 exd4 23. Nd5+ Bxd5 24. exd5 Rxb2 25. Qg4 Rcb8 26. Qxd4 Kf8 27. Qe4 Bf6 28. Rab1 Qxa2 29. Rxb2 Rxb2 30. Qf5 Rb8 31. Qh7 g6 32. Qxh6+ Bg7 33. Qf4 Qxd5 34. Bxg6 Be5 35. Qh6+ Bg7 36. Qf4 Be5 37. Be4 Bxf4 38. Bxd5 Rc8 39. g3 Bd2 40. Kg2 Rc1 41. Rxc1 Bxc1 42. f4 Kg7 43. Kf3 Ba3 44. Ke4 f6 45. Kf5 Bc5 46. Kg4 Bd4 47. Be6 Bc5 48. h4 Bf2 49. Kh3 Be1 50. g4 Bd2 51. Kg3 Be1+ 52. Kh3 Bc3 53. g5 Bd2 54. Kg4 1/2-1/2

[Event "FRA-chT Top 12"]
[Site "Mulhouse"]
[Date "2011.05.27"]
[Round "2.1"]
[White "Aguettaz, Maxime"]
[Black "Riazantsev, Alexander"]
[Result "0-1"]
[WhiteElo "2417"]
[BlackElo "2679"]
[PlyCount "48"]
[EventDate "2011.05.26"]
[EventType "team-tourn"]
[EventRounds "11"]
[EventCountry "FRA"]
[SourceTitle "CBM 142 Extra"]
[Source "ChessBase"]
[SourceDate "2011.06.27"]
[SourceVersion "1"]
[SourceVersionDate "2011.06.27"]
[SourceQuality "1"]
[WhiteTeam "Noyon"]
[BlackTeam "Metz Fischer"]
[WhiteTeamCountry "FRA"]
[BlackTeamCountry "FRA"]

1. Nf3 d5 2. d4 Nf6 3. c4 e6 4. Nc3 c6 5. Bg5 h6 6. Bxf6 Qxf6 7. Qb3 dxc4 8. Qxc4 Nd7 9. e3 g6 10. h4 Bg7 11. Bd3 Qe7 12. 0-0-0 0-0 13. h5 g5 14. Bc2 Rd8 15. Kb1 a5 16. g4 b5 17. Qd3 Kf8 18. Ne4 Ba6 19. Nexg5 hxg5 20. h6 Bh8 21. Qh7 Qf6 22. Nxg5 Qxg5 23. f4 Qg8 24. Qe4 Qxg4 0-1

[Event "Metz op 29th"]
[Site "Metz"]
[Date "2011.05.08"]
[Round "9"]
[White "Aguettaz, Maxime"]
[Black "Dgebuadze, Alexandre"]
[Result "1/2-1/2"]
[WhiteElo "2417"]
[BlackElo "2521"]
[PlyCount "59"]
[EventDate "2011.05.02"]
[EventType "swiss"]
[EventRounds "9"]
[EventCountry "FRA"]
[SourceTitle "CBM 142 Extra"]
[Source "ChessBase"]
[SourceDate "2011.06.27"]
[SourceVersion "1"]
[SourceVersionDate "2011.06.27"]
[SourceQuality "1"]

1. Nf3 Nf6 2. c4 b6 3. g3 Bb7 4. Bg2 c5 5. Nc3 g6 6. b3 Bg7 7. Bb2 0-0 8. 0-0 e6 9. e3 d5 10. Ne5 Nbd7 11. d4 cxd4 12. exd4 a6 13. Nxd7 Qxd7 14. Na4 Qd8 15. c5 Nd7 16. cxb6 Bc6 17. Ba3 Re8 18. Nc5 Qxb6 19. Nxd7 Bxd7 20. Bc5 Qb7 21. Qd2 a5 22. Rac1 a4 23. b4 Bb5 24. Rfe1 Rac8 25. Rc3 Qa6 26. h4 h6 27. Qf4 Bc4 28. a3 Qb5 29. Rf3 Qd7 30. Bh3 1/2-1/2

[Event "Metz op 29th"]
[Site "Metz"]
[Date "2011.05.06"]
[Round "7"]
[White "Savchenko, Stanislav"]
[Black "Aguettaz, Maxime"]
[Result "1/2-1/2"]
[WhiteElo "2510"]
[BlackElo "2417"]
[PlyCount "50"]
[EventDate "2011.05.02"]
[EventType "swiss"]
[EventRounds "9"]
[EventCountry "FRA"]
[SourceTitle "CBM 142 Extra"]
[Source "ChessBase"]
[SourceDate "2011.06.27"]
[SourceVersion "1"]
[SourceVersionDate "2011.06.27"]
[SourceQuality "1"]

1. Nf3 Nf6 2. c4 g6 3. Nc3 Bg7 4. e4 d6 5. d4 0-0 6. Be2 e5 7. 0-0 Nc6 8. d5 Ne7 9. b4 Nh5 10. Re1 f5 11. Ng5 Nf4 12. Bxf4 exf4 13. Rc1 Bf6 14. Ne6 Bxe6 15. dxe6 Bxc3 16. Rxc3 fxe4 17. Bf1 e3 18. fxe3 fxe3 19. Rcxe3 c6 20. Qd2 d5 21. cxd5 cxd5 22. Qd4 Nf5 23. Qe5 Ne7 24. Qd4 Nf5 25. Qe5 Ne7 1/2-1/2

[Event "FRA-ch op rapid"]
[Site "Nancy"]
[Date "2011.03.13"]
[Round "9"]
[White "Aguettaz, Maxime"]
[Black "Naiditsch, Arkadij"]
[Result "0-1"]
[WhiteElo "2424"]
[BlackElo "2684"]
[PlyCount "45"]
[EventDate "2011.03.13"]
[EventType "swiss (rapid)"]
[EventRounds "9"]
[EventCountry "FRA"]
[SourceTitle "CBM 141 Extra"]
[Source "ChessBase"]
[SourceDate "2011.05.03"]
[SourceVersion "1"]
[SourceVersionDate "2011.05.03"]
[SourceQuality "1"]

1. Nf3 Nf6 2. c4 e6 3. Nc3 Bb4 4. Qc2 c5 5. a3 Ba5 6. g3 Nc6 7. Bg2 0-0 8. 0-0 d6 9. d3 h6 10. Rb1 e5 11. Nd5 Nxd5 12. cxd5 Ne7 13. Nd2 b5 14. b4 cxb4 15. axb4 Bb6 16. Nb3 Bb7 17. e4 Rc8 18. Qd2 f5 19. Na5 Ba8 20. Bb2 Ng6 21. Bh3 fxe4 22. dxe4 Rc7 23. Be6+ 0-1

[Event "Cappelle op 27th"]
[Site "Cappelle la Grande"]
[Date "2011.02.28"]
[Round "4"]
[White "Couche, Didier"]
[Black "Aguettaz, Maxime"]
[Result "0-1"]
[WhiteElo "2107"]
[BlackElo "2414"]
[PlyCount "50"]
[EventDate "2011.02.26"]
[EventType "swiss"]
[EventRounds "9"]
[EventCountry "FRA"]
[SourceTitle "CBM 141 Extra"]
[Source "ChessBase"]
[SourceDate "2011.05.03"]
[SourceVersion "1"]
[SourceVersionDate "2011.05.03"]
[SourceQuality "1"]

1. d4 Nf6 2. c4 g6 3. Nc3 Bg7 4. e4 d6 5. f4 0-0 6. Nf3 c5 7. d5 e6 8. Be2 exd5 9. cxd5 Bg4 10. 0-0 Nbd7 11. h3 Bxf3 12. Bxf3 Re8 13. g4 h6 14. h4 h5 15. g5 Ng4 16. Bxg4 hxg4 17. e5 dxe5 18. f5 e4 19. fxg6 fxg6 20. Qxg4 Bd4+ 21. Kg2 e3 22. Ne2 Rc8 23. Rb1 Nb6 24. Nxd4 cxd4 25. Qxd4 Rc2+ 0-1